=LDR 00000nam 2200000 4500 =001 NUTBA000000000001047 =005 20201230085137 =035 ##$$a 0010-041400000000317 =008 201230################g##########0#ind## =020 ##$$a 978-979-22-0722-8 =082 ##$$a 332.04 =090 ##$$a 332.04 Ste r =100 ##$$a Stevens, Mark =245 1#$$a Rich is A Religion : $b Rahasia Memperoleh Kekayaan Sejati /$c Mark Stevens =260 ##$$a Jakarta :$b Gramedia Pustaka,$c 2011 =300 ##$$a 216 hlm ; $c 20 x 14 cm. =084 ##$$a 332.04 STE r =990 ##$$a 21109040 =990 ##$$a 21109041